| 000 | 00907nam a2200193 a 4500 | ||
|---|---|---|---|
| 008 | 120416s1994 ||||||||||||||||| || u | ||
| 020 | _a0113527497 | ||
| 050 | _aSD 421 Sho | ||
| 100 | _aShow, S. B | ||
| 245 | 1 | 0 | _aForest fire control |
| 260 |
_aDehra Dun _bInternational book distributors _c1994 |
||
| 300 | _avi, 110p.: ill. | ||
| 350 | _a0.00 | ||
| 650 | _aFORESTRY | ||
| 650 | _aFIRE CONTROL | ||
| 995 |
_aMAIN LIBRARY OPEN ACCESS _D0.00 _e732080 _FCBU-MAIN LIBRARY (Kitwe) _H3 _I20.00 _jSD 421 Sho _M3 _UAVAILABLE _WJul 20, 2006 _y44929 _ZMain Library Open Access Collection |
||
| 995 |
_aMAIN LIBRARY OPEN ACCESS _D0.00 _e732078 _FCBU-MAIN LIBRARY (Kitwe) _H2 _I20.00 _jSD 421 Sho _M2 _UAVAILABLE _y44932 _ZMain Library Open Access Collection |
||
| 995 |
_aANNEX COLLECTION (Main Library) _D0.00 _e732079 _FCBU-MAIN LIBRARY (Kitwe) _H1 _I20.00 _jSD 421 Sho _M1 _UAVAILABLE _WMay 19, 2006 _y44930 _ZAnnex Low-Usage Collection |
||
| 999 |
_c63225 _d63225 |
||